000 00400nam a2200133Ia 4500
008 211119s9999||||xx |||||||||||||| ||und||
082 _a894.812 3
_bHEM-L
100 _aHemalathadevi, G
245 0 _aLEKSHMANAREKHA MURICHU KADAKKUMBOL
260 _bPappiyon
_aKozhikodu
_c2004
300 _a191p
650 _aLiterature
_vmalayalam literatureMalayalam NovelsGeneralia
_xGeneral Stack
942 _cBOOK
999 _c105284
_d105284